| 000 | 00580nam a2200205 a 4500 | ||
|---|---|---|---|
| 003 | OSt | ||
| 005 | 20140508095812.0 | ||
| 008 | 110910s19uu xx 00 eng d | ||
| 020 | _a9710489879 | ||
| 050 |
_a HF 5661 _b.Ub3 2010 |
||
| 100 | _aUberita, Conrado O. | ||
| 245 |
_aPractical accounting 1 : _bCLA examination / _cConrado O. Uberita. |
||
| 250 | _a2011 ed. | ||
| 260 |
_aManila : _bGIC Enterprises & Co., Inc, _cc2010. |
||
| 300 |
_a826 p. : _c23 cm. |
||
| 521 | _aBSA | ||
| 650 |
_aAccounting _xExaminations _xStudy guides |
||
| 942 |
_cBK _2lcc _kFIL |
||
| 999 |
_c24507 _d24507 |
||